Sports Quiz

Random Sports Quiz
Score 0/98 Timer 07:00
0 Plays Today
FIRST APPEARED PLAYER % Correct
2012Phil DAVIS
95.4%
2012Toby GREENE
94.9%
2012Jeremy CAMERON
94.5%
2012Stephen CONIGLIO
89.9%
2012Devon SMITH
88.5%
2012Dylan SHIEL
87.6%
2012Callan WARD
87.1%
2012Jonathon PATTON
85.7%
2012Adam TRELOAR
82.9%
2014Josh KELLY
82.5%
2014Heath SHAW
82.5%
2017Jeremy FINLAYSON
81.1%
2012Taylor ADAMS
80.6%
2013Lachie WHITFIELD
78.8%
2016Steve JOHNSON
77.9%
2013Zac WILLIAMS
77%
2016Harry HIMMELBERG
75.6%
2012Nick HAYNES
75.1%
2012Chad CORNES
74.7%
2012Adam KENNEDY
73.7%
2014Shane MUMFORD
73.3%
2016Matthew KENNEDY
73.3%
2017Tim TARANTO
73.3%
2012Nathan WILSON
71%
2015Ryan GRIFFEN
70.5%
2018Brent DANIELS
70.5%
2016Jacob HOPPER
70%
2017Matt DE BOER
70%
2012Luke POWER
69.1%
2012Sam REID
68.2%
2012Israel FOLAU
67.7%
2012Tom SCULLY
67.3%
2012WIll HOSKIN-ELLIOTT
65.4%
FIRST APPEARED PLAYER % Correct
2013Lachie PLOWMAN
65.4%
2012Dean BROGAN
65%
2012James McDONALD
64.5%
2014Rory LOBB
63.6%
2017Brett DELEDIO
63.6%
2015Caleb MARCHBANK
63.1%
2012Adam TOMLINSON
62.7%
2017Dawson SIMPSON
62.2%
2013Aidan CORR
61.8%
2012Rhys PALMER
60.8%
2012Josh BRUCE
60.4%
2014Tom BOYD
58.1%
2018Sam TAYLOR
58.1%
2012Jonathan GILES
57.1%
2017Tendai MZUNGU
57.1%
2019Bobby HILL
54.8%
2014Cam McCARTHY
54.4%
2012Dom TYSON
53.9%
2012Curtly HAMPTON
53.5%
2012Tomas BUGG
52.5%
2012Matt BUNTINE
51.6%
2018Lachlan KEEFFE
51.6%
2012Anthony MILES
51.2%
2013Jonathan O'ROURKE
51.2%
2014Josh HUNT
50.2%
2018Dylan BUCKLEY
50.2%
2017WIll SETTERFIELD
49.3%
2017Daniel LLOYD
47.5%
2012Jack HOMBSCH
46.5%
2018Zac LANGDON
46.5%
2014Jed LAMB
45.2%
2012Setanta O'hAILPIN
43.3%
2012Shaun EDWARDS
42.4%
FIRST APPEARED PLAYER % Correct
2012Sam FROST
42.4%
2015Jack STEELE
40.1%
2012Jacob TOWNSEND
39.6%
2018Aiden BONAR
38.2%
2012Tim MOHR
33.2%
2015Joel PATFULL
33.2%
2012Andrew PHILLIPS
32.3%
2012Liam SUMNER
30.9%
2013James STEWART
29%
2014Dylan ADDISON
28.6%
2012Kurt AYLETT
27.2%
2017Harry PERRYMAN
26.3%
2018Isaac CUMMING
24.9%
2013Bret THORNTON
24.4%
2012Mark WHILEY
24%
2013Stephen GILHAM
24%
2019Jye CALDWELL
23%
2019Tom SHERIDAN
22.1%
2012Rhys COOYOU
21.2%
2015Jake BARRETT
20.7%
2019Jackson HATELY
20.7%
2019Connor IDUN
18.4%
2018Nick SHIPLEY
17.1%
2012Steve CLIFTON
14.3%
2019Jake STEIN
14.3%
2012Sam DARLEY
13.8%
2019Zach SPROULE
12.4%
2012Gerald UGLE
11.5%
2013Kristian JACKSCH
11.5%
2012Tim GOLDS
11.1%
2012Sam SCHULTZ
10.6%
2013Tom DOWNIE
10.1%
Remove Ads.
Support Sporcle.
Get the best of Sporcle when you Go Orange. This ad-free experience offers more features, more stats, and more fun while also helping to support Sporcle. Thank you for becoming a member.

You're not logged in!

Compare scores with friends on all Sporcle quizzes.
OR
Log In

Show Comments

Extras

Top Quizzes Today


Score Distribution

Your Account Isn't Verified!

In order to create a playlist on Sporcle, you need to verify the email address you used during registration. Go to your Sporcle Settings to finish the process.

Report this User

Report this user for behavior that violates our Community Guidelines.

Details: